000 00282nam a22001337a 4500
008 181031b xxu||||| |||| 00| 0 eng d
020 _a070314713
041 _aeng
080 _23rd
_a616.12
100 _a6
101 _aKAR
245 _aThe Heart
_cHurst, J.W
942 _2udc
_cBK
999 _c51373
_d51373